| 000 | 01247nam a2200373 c 4500 | ||
|---|---|---|---|
| 001 | 17072 | ||
| 003 | ES-MaCES | ||
| 005 | 20160607103522.0 | ||
| 008 | 041105s2004 ag a t 000 | spa d | ||
| 017 |
_aB 41707-2004 _bDL |
||
| 020 | _a8474267528 | ||
| 035 | _aCES20040014836m | ||
| 040 |
_aES-MaCES _bspa _cES-MaCES |
||
| 041 | 1 |
_aspa _heng |
|
| 245 | 0 | 0 |
_aInforme global de la corrupción 2004 _b: [tema especial, corrupción política] _cTransparency International ; [tr., Marcos Mayer] |
| 260 |
_aBuenos Aires _bPrometeo libros _aBarcelona _bIcaria _c[2004] |
||
| 300 |
_a427 p. _bil. bl. y n. _c24 cm |
||
| 500 | _aTraducción de: Global corruption report 2004 | ||
| 500 | _aSubtít. tomado de la cub. | ||
| 541 | _cCompra | ||
| 650 | 4 |
_acorrupción _929365 |
|
| 650 | 4 |
_acomportamiento político _927237 |
|
| 650 | 4 |
_amecanismo de control _929918 |
|
| 650 | 4 |
_ainforme _928986 |
|
| 650 | 4 |
_a2004 _931739 |
|
| 650 | 4 |
_aestudio de casos _928846 |
|
| 653 | 1 | 0 | _aCiencias Sociales-Políticas |
| 700 | 1 |
_aMayer, Marcos _etr. _918199 |
|
| 710 | 2 |
_aTransparency International _95053 |
|
| 740 | 0 | 2 | _aGlobal corruption report 2004 |
| 902 | _aLIB Libro | ||
| 942 |
_2CES _cBK _h7.0. |
||
| 999 |
_c17072 _d17072 |
||